[Event "Bamberg-Open 2019"]
[Site "Bamberg"]
[Date "2019.06.01"]
[Round "5.1"]
[White "Laznicka, Viktor"]
[Black "Hacker, Jonas"]
[Result "1-0"]
[WhiteElo "2660"]
[BlackElo "2386"]
[Annotator "TA"]
[PlyCount "57"]
[EventDate "2019.05.12"]
[EventType "swiss"]
[EventCountry "GER"]
[SourceTitle "playchess.com"]
[Source "ChessBase"]
[SourceQuality "1"]

{[%evp 9,57,0,30,22,31,13,25,11,16,7,20,-2,7,8,66,65,87,85,124,113,63,111,117,108,152,150,146,159,166,137,156,173,189,184,325,306,383,397,391,395,428,414,414,401,635,621,616,606,559,541]} 1. d4 d5 2. c4 e6 3. Nf3 Nf6 4. g3 Bb4+ 5. Bd2 Bd6 (5... Be7 6. Bg2 O-O 7. O-O Nbd7 8. Qc2 c6 9. Rc1 b6 10. cxd5 cxd5 11. Qd1 Bb7 12. a3 a6 13. Bf4 Rc8 14. Nbd2 Rxc1 15. Rxc1 Qa8 16. Ne5 Nxe5 17. Bxe5 {½-½ (41) Mamedyarov,S (2790)-Radjabov,T (2756) Shamkir 2019}) 6. Bg2 {E01: Catalan: Early deviations} c6 7. Qc2 Nbd7 8. O-O {White has an edge.} O-O 9. Rd1 Ne4 10. Be1 f5 11. b4 b5 $146 (11... g5 $11) ({Predecessor:} 11... Qe7 12. b5 cxb5 {0-1 (36) Szotkowski,J (2383)-Sivuk,V (2514) Prague 2019}) 12. c5 $14 Bc7 13. a4 $1 Ba6 {[#]} 14. Na3 $1 bxa4 15. Qxa4 Bxe2 16. Qxc6 Bxd1 17. Qxe6+ Rf7 {...Nf8 is the strong threat.} 18. Rxd1 Nf8 {[#]} 19. Qa6 $1 {[%mdl 1024] White has strong compensation.} Rf6 20. Qd3 a6 21. Ne5 Ne6 (21... Ng6 $142 22. f3 Ng5) 22. f3 $18 N4g5 {intending ...f4.} 23. h4 Nf7 24. f4 Bb8 25. Nc2 Nc7 26. Ne3 Nh6 {[#]} (26... Ra7 $142 27. Nxf5 Kh8) 27. Nxd5 $1 {[%mdl 512] White is clearly winning.} Nxd5 28. Qb3 Kh8 29. Bxd5 {Accuracy: White = 73%, Black = 41%.} 1-0

[Event "Bamberg-Open 2019"]
[Site "Bamberg"]
[Date "2019.06.01"]
[Round "5.2"]
[White "Plat, Vojtech"]
[Black "Kurayan, Ruslan"]
[Result "1/2-1/2"]
[WhiteElo "2540"]
[BlackElo "2374"]
[Annotator "ChessBase"]
[PlyCount "115"]
[EventDate "2019.05.12"]
[EventType "swiss"]
[EventCountry "GER"]
[SourceTitle "playchess.com"]
[Source "ChessBase"]
[SourceQuality "1"]
[TimeControl "40/5400+30:900+30"]

1. d4 {[%emt 0:01:58]} Nf6 {[%emt 0:00:00]} 2. c4 {[%emt 0:00:06]} g6 {[%emt 0:00:00]} 3. g3 {[%emt 0:00:04]} Bg7 {[%emt 0:00:00]} 4. Bg2 {[%emt 0:00:04]} O-O {[%emt 0:00:01]} 5. Nc3 {[%emt 0:00:04]} d6 {[%emt 0:00:06]} 6. Nf3 {[%emt 0:00:08]} Nc6 {[%emt 0:00:09]} 7. O-O {[%emt 0:00:18]} Bf5 {[%emt 0:00:05]} 8. Re1 {[%emt 0:01:51]} Ne4 {[%emt 0:01:49]} 9. Nd5 {[%emt 0:00:25]} Bd7 {[%emt 0:01:50]} 10. Ng5 {[%emt 0:05:12]} Nxg5 {[%emt 0:09:20]} 11. Bxg5 {[%emt 0:00:05]} Re8 {[%emt 0:00:29]} 12. Be3 {[%emt 0:00:18]} e6 {[%emt 0:17:23]} 13. Nc3 {[%emt 0:00:13]} e5 {[%emt 0:00:05]} 14. dxe5 {[%emt 0:01:17]} Nxe5 {[%emt 0:06:19]} 15. Bd4 {[%emt 0:01:55]} c5 {[%emt 0:10:00]} 16. Bxe5 {[%emt 0:00:04]} Bxe5 {[%emt 0:00:05]} 17. Qd2 {[%emt 0:01:32]} Bc6 {[%emt 0:14:59]} 18. Bxc6 {[%emt 0:02:13]} bxc6 {[%emt 0:00:22]} 19. Rac1 {[%emt 0:00:06]} Qa5 {[%emt 0:01:32]} 20. b3 {[%emt 0:01:26]} Bxc3 {[%emt 0:08:51]} 21. Rxc3 {[%emt 0:02:30]} d5 {[%emt 0:06:25]} 22. cxd5 {[%emt 0:00:21]} cxd5 {[%emt 0:00:31]} 23. Rec1 {[%emt 0:03:25]} d4 {[%emt 0:02:57]} 24. R3c2 {[%emt 0:01:32]} Qxd2 {[%emt 0:00:45]} 25. Rxd2 {[%emt 0:00:04]} Re5 {[%emt 0:00:10]} 26. Rc4 {[%emt 0:00:06]} Rb8 {[%emt 0:02:16]} 27. f4 {[%emt 0:04:40]} Rf5 {[%emt 0:01:18]} 28. Ra4 {[%emt 0:00:24]} Rb7 {[%emt 0:00:09]} 29. Ra5 {[%emt 0:00:05]} h5 {[%emt 0:02:01]} 30. Kf2 {[%emt 0:01:46]} Kg7 {[%emt 0:04:26]} 31. Kf3 {[%emt 0:01:47]} Re7 {[%emt 0:03:38]} 32. Rc2 {[%emt 0:02:07]} c4 {[%emt 0:02:13]} 33. Rxf5 {[%emt 0:00:13]} cxb3 {[%emt 0:00:02]} 34. Rxf7+ {[%emt 0:00:35]} Kxf7 {[%emt 0:00:07]} 35. axb3 {[%emt 0:00:04]} Re3+ {[%emt 0:00:08]} 36. Kf2 {[%emt 0:00:05]} Rxb3 {[%emt 0:00:04]} 37. Rc7+ {[%emt 0:00:44]} Ke6 {[%emt 0:00:24]} 38. Rc6+ {[%emt 0:00:50]} Kf5 {[%emt 0:01:32]} 39. Rd6 {[%emt 0:03:52]} Rb4 {[%emt 0:00:49]} 40. h4 {[%emt 0:00:32]} Ra4 {[%emt 0:00:51]} 41. Rd5+ {[%emt 0:16:28]} Kf6 {[%emt 0:15:44]} 42. Rg5 {[%emt 0:01:00]} Ra2 {[%emt 0:00:55]} 43. Rd5 {[%emt 0:02:17]} Ra4 {[%emt 0:00:08]} 44. g4 {[%emt 0:01:37]} hxg4 {[%emt 0:00:37]} 45. Kg3 {[%emt 0:00:03]} Ra3+ {[%emt 0:01:06]} 46. Kxg4 {[%emt 0:00:08]} Re3 {[%emt 0:00:06]} 47. Rxd4 {[%emt 0:00:07]} Rxe2 {[%emt 0:00:05]} 48. Ra4 {[%emt 0:00:03]} Rg2+ {[%emt 0:00:52]} 49. Kf3 {[%emt 0:00:12]} Rh2 {[%emt 0:00:06]} 50. Kg3 {[%emt 0:00:02]} Rh1 {[%emt 0:00:05]} 51. Rxa7 {[%emt 0:00:41]} Rg1+ {[%emt 0:00:07]} 52. Kf3 {[%emt 0:00:03]} Rf1+ {[%emt 0:00:58]} 53. Ke3 {[%emt 0:00:06]} Rh1 {[%emt 0:00:45]} 54. Rh7 {[%emt 0:00:06]} Kf5 {[%emt 0:00:09]} 55. Rf7+ {[%emt 0:01:17]} Ke6 {[%emt 0:00:06]} 56. Rh7 {[%emt 0:00:06]} Kf5 {[%emt 0:00:04]} 57. Rf7+ {[%emt 0:00:02]} Ke6 {[%emt 0:00:03]} 58. Rh7 {[%emt 0:00:02]} 1/2-1/2

[Event "Bamberg-Open 2019"]
[Site "Bamberg"]
[Date "2019.06.01"]
[Round "5.3"]
[White "Scholz, Christian"]
[Black "Pacher, Milan"]
[Result "0-1"]
[WhiteElo "2372"]
[BlackElo "2396"]
[Annotator "ChessBase"]
[PlyCount "92"]
[EventDate "2019.05.12"]
[EventType "swiss"]
[EventCountry "GER"]
[SourceTitle "playchess.com"]
[Source "ChessBase"]
[SourceQuality "1"]
[TimeControl "40/5400+30:900+30"]

1. d4 {[%emt 0:00:00]} Nf6 {[%emt 0:01:10]} 2. c4 {[%emt 0:00:00]} e6 {[%emt 0:00:12]} 3. Nf3 {[%emt 0:00:00]} b6 {[%emt 0:00:08]} 4. a3 {[%emt 0:00:01]} Bb7 {[%emt 0:01:14]} 5. Nc3 {[%emt 0:00:07]} g6 {[%emt 0:00:19]} 6. d5 {[%emt 0:03:32]} exd5 {[%emt 0:00:21]} 7. cxd5 {[%emt 0:00:06]} Bg7 {[%emt 0:00:40]} 8. e4 {[%emt 0:00:40]} O-O {[%emt 0:00:33]} 9. Bd3 {[%emt 0:00:18]} c6 {[%emt 0:00:56]} 10. d6 {[%emt 0:22:25]} c5 {[%emt 0:05:56]} 11. O-O {[%emt 0:03:23]} Nc6 {[%emt 0:01:36]} 12. h3 {[%emt 0:07:29]} Nd4 {[%emt 0:08:08]} 13. Re1 {[%emt 0:02:22]} Ne8 {[%emt 0:05:23]} 14. Bf4 {[%emt 0:20:27]} Qf6 {[%emt 0:01:58]} 15. Bg3 {[%emt 0:00:56]} Nxf3+ {[%emt 0:01:44]} 16. Qxf3 {[%emt 0:06:48]} Qxf3 {[%emt 0:00:35]} 17. gxf3 {[%emt 0:00:04]} Nf6 {[%emt 0:00:47]} 18. Rad1 {[%emt 0:08:53]} Nh5 {[%emt 0:01:25]} 19. Kg2 {[%emt 0:03:05]} g5 {[%emt 0:05:58]} 20. Bc4 {[%emt 0:01:14]} Rae8 {[%emt 0:01:32]} 21. Nb5 {[%emt 0:02:39]} Bxb2 {[%emt 0:02:43]} 22. Rb1 {[%emt 0:00:21]} Nxg3 {[%emt 0:01:46]} 23. Rxb2 {[%emt 0:02:10]} Nh5 {[%emt 0:02:17]} 24. Nxa7 {[%emt 0:00:06]} Ra8 {[%emt 0:00:46]} 25. Nb5 {[%emt 0:00:06]} Bc6 {[%emt 0:03:12]} 26. Re3 {[%emt 0:01:24]} Ra4 {[%emt 0:01:50]} 27. Rc3 {[%emt 0:02:29]} Rfa8 {[%emt 0:01:13]} 28. Rbb3 {[%emt 0:00:17]} Nf4+ {[%emt 0:02:42]} 29. Kg3 {[%emt 0:01:08]} Kg7 {[%emt 0:04:39]} 30. Nc7 {[%emt 0:04:20]} Rb8 {[%emt 0:00:04]} 31. Rc2 {[%emt 0:01:20]} Kf6 {[%emt 0:05:14]} 32. Bb5 {[%emt 0:03:39]} Bxb5 {[%emt 0:01:20]} 33. Nxb5 {[%emt 0:00:02]} Ke5 {[%emt 0:00:49]} 34. Nc3 {[%emt 0:01:46]} Rc4 {[%emt 0:01:06]} 35. Rd2 {[%emt 0:00:34]} b5 {[%emt 0:05:20]} 36. Rxb5 {[%emt 0:01:29]} Rxb5 {[%emt 0:00:05]} 37. Nxb5 {[%emt 0:00:05]} Rc1 {[%emt 0:00:05]} 38. Kh2 {[%emt 0:00:17]} c4 {[%emt 0:00:46]} 39. a4 {[%emt 0:01:18]} c3 {[%emt 0:00:55]} 40. Rd4 {[%emt 0:01:11]} Rf1 {[%emt 0:00:26]} 41. Rc4 {[%emt 0:16:14]} Rxf2+ {[%emt 0:15:05]} 42. Kg1 {[%emt 0:00:00]} Nxh3+ {[%emt 0:00:00]} 43. Kh1 {[%emt 0:00:00]} c2 {[%emt 0:00:00]} 44. a5 {[%emt 0:00:00]} Nf4 {[%emt 0:00:00]} 45. Rc5+ {[%emt 0:00:00]} Kf6 {[%emt 0:00:00]} 46. e5+ {[%emt 0:00:00]} Kg6 {[%emt 0:00:00]} 0-1

[Event "Bamberg-Open 2019"]
[Site "Bamberg"]
[Date "2019.06.01"]
[Round "5.4"]
[White "Stets, Dmitry"]
[Black "Weishaeutel, Moritz"]
[Result "1-0"]
[WhiteElo "2391"]
[BlackElo "2252"]
[Annotator "ChessBase"]
[PlyCount "53"]
[EventDate "2019.05.12"]
[EventType "swiss"]
[EventCountry "GER"]
[SourceTitle "playchess.com"]
[Source "ChessBase"]
[SourceQuality "1"]
[TimeControl "40/5400+30:900+30"]

1. e4 {[%emt 0:00:00]} c5 {[%emt 0:00:00]} 2. Nf3 {[%emt 0:00:00]} d6 {[%emt 0:00:00]} 3. d4 {[%emt 0:00:00]} cxd4 {[%emt 0:00:00]} 4. Nxd4 {[%emt 0:00:05]} Nf6 {[%emt 0:00:00]} 5. Nc3 {[%emt 0:00:06]} a6 {[%emt 0:00:00]} 6. Be3 {[%emt 0:00:09]} e6 {[%emt 0:00:00]} 7. Qd2 {[%emt 0:00:15]} b5 {[%emt 0:00:01]} 8. f3 {[%emt 0:00:07]} Nbd7 {[%emt 0:00:06]} 9. O-O-O {[%emt 0:01:25]} Bb7 {[%emt 0:00:42]} 10. g4 {[%emt 0:00:39]} Nb6 {[%emt 0:00:19]} 11. Bd3 {[%emt 0:00:42]} Rc8 {[%emt 0:00:50]} 12. Kb1 {[%emt 0:00:14]} Nfd7 {[%emt 0:00:31]} 13. g5 {[%emt 0:00:59]} Ne5 {[%emt 0:02:43]} 14. Qe1 {[%emt 0:07:39]} d5 {[%emt 0:12:14]} 15. exd5 {[%emt 0:10:47]} Nxd5 {[%emt 0:06:41]} 16. Nxd5 {[%emt 0:00:22]} Bxd5 {[%emt 0:01:15]} 17. Bf4 {[%emt 0:02:24]} Nxd3 {[%emt 0:06:21]} 18. Rxd3 {[%emt 0:01:16]} Bd6 {[%emt 0:03:46]} 19. Nxe6 {[%emt 0:04:24]} Bxe6 {[%emt 0:02:05]} 20. Bxd6 {[%emt 0:11:47]} Qxg5 {[%emt 0:02:31]} 21. Rg1 {[%emt 0:01:05]} Qf5 {[%emt 0:04:56]} 22. Rxg7 {[%emt 0:01:31]} Kd7 {[%emt 0:01:48]} 23. f4 {[%emt 0:04:31]} Rc6 {[%emt 0:07:16]} 24. Be5+ {[%emt 0:09:44]} Kc8 {[%emt 0:00:09]} 25. Qh1 {[%emt 0:03:02]} Kb7 {[%emt 0:10:51]} 26. Rg5 {[%emt 0:02:24]} Bxa2+ {[%emt 0:00:23]} 27. Ka1 {[%emt 0:00:20]} 1-0

[Event "Bamberg-Open 2019"]
[Site "Bamberg"]
[Date "2019.06.01"]
[Round "5.5"]
[White "Langheinrich, Ferenc"]
[Black "Berghof, Axel"]
[Result "1/2-1/2"]
[WhiteElo "2379"]
[BlackElo "2155"]
[Annotator "ChessBase"]
[PlyCount "42"]
[EventDate "2019.05.12"]
[EventType "swiss"]
[EventCountry "GER"]
[SourceTitle "playchess.com"]
[Source "ChessBase"]
[SourceQuality "1"]
[TimeControl "40/5400+30:900+30"]

1. d4 {[%emt 0:00:00]} Nf6 {[%emt 0:01:23]} 2. Nf3 {[%emt 0:00:00]} g6 {[%emt 0:00:35]} 3. e3 {[%emt 0:01:33]} Bg7 {[%emt 0:02:13]} 4. b4 {[%emt 0:01:02]} O-O {[%emt 0:03:49]} 5. Bb2 {[%emt 0:00:08]} d5 {[%emt 0:01:10]} 6. Nbd2 {[%emt 0:00:31]} Qd6 {[%emt 0:07:52]} 7. a3 {[%emt 0:01:48]} Bg4 {[%emt 0:07:02]} 8. Be2 {[%emt 0:10:39]} Nbd7 {[%emt 0:08:58]} 9. c4 {[%emt 0:01:04]} c6 {[%emt 0:01:02]} 10. Qc2 {[%emt 0:00:08]} Bf5 {[%emt 0:03:33]} 11. Bd3 {[%emt 0:00:24]} Bxd3 {[%emt 0:02:15]} 12. Qxd3 {[%emt 0:00:06]} Ng4 {[%emt 0:07:07]} 13. h3 {[%emt 0:00:27]} Nh6 {[%emt 0:00:11]} 14. cxd5 {[%emt 0:02:04]} cxd5 {[%emt 0:00:51]} 15. O-O {[%emt 0:00:04]} f5 {[%emt 0:07:25]} 16. Rac1 {[%emt 0:02:31]} Rfc8 {[%emt 0:05:31]} 17. Qb5 {[%emt 0:07:37]} Nb6 {[%emt 0:03:52]} 18. Ne5 {[%emt 0:02:56]} Nf7 {[%emt 0:02:54]} 19. f4 {[%emt 0:00:35]} Qe6 {[%emt 0:01:08]} 20. Qe2 {[%emt 0:20:30]} Nd6 {[%emt 0:12:10]} 21. Nb3 {[%emt 0:04:11]} Rxc1 1/2-1/2

[Event "Bamberg-Open 2019"]
[Site "Bamberg"]
[Date "2019.06.01"]
[Round "5.6"]
[White "Ammon, Tobias"]
[Black "Spitzl, Vinzent"]
[Result "1/2-1/2"]
[WhiteElo "2151"]
[BlackElo "2263"]
[Annotator "ChessBase"]
[PlyCount "66"]
[EventDate "2019.05.12"]
[EventType "swiss"]
[EventCountry "GER"]
[SourceTitle "playchess.com"]
[Source "ChessBase"]
[SourceQuality "1"]
[TimeControl "40/5400+30:900+30"]

1. e4 {[%emt 0:00:00]} c6 {[%emt 0:00:09]} 2. d4 {[%emt 0:00:00]} d5 {[%emt 0:00:04]} 3. Nd2 {[%emt 0:00:00]} dxe4 {[%emt 0:00:04]} 4. Nxe4 {[%emt 0:00:00]} Nf6 {[%emt 0:00:07]} 5. Nxf6+ {[%emt 0:00:00]} exf6 {[%emt 0:00:04]} 6. c3 {[%emt 0:00:00]} Bd6 {[%emt 0:00:05]} 7. Bd3 {[%emt 0:00:14]} O-O {[%emt 0:00:06]} 8. Qc2 {[%emt 0:00:49]} h5 {[%emt 0:00:14]} 9. Ne2 {[%emt 0:00:08]} Re8 {[%emt 0:00:20]} 10. O-O {[%emt 0:01:41]} h4 {[%emt 0:00:41]} 11. h3 {[%emt 0:02:22]} Nd7 {[%emt 0:00:48]} 12. Bd2 {[%emt 0:08:48]} Nf8 {[%emt 0:10:28]} 13. Rad1 {[%emt 0:14:16]} f5 {[%emt 0:01:44]} 14. Rfe1 {[%emt 0:02:51]} g6 {[%emt 0:00:35]} 15. Qc1 {[%emt 0:06:04]} Ne6 {[%emt 0:04:18]} 16. Nf4 {[%emt 0:01:30]} Qc7 {[%emt 0:03:28]} 17. Nxe6 {[%emt 0:01:05]} Bxe6 {[%emt 0:00:11]} 18. c4 {[%emt 0:02:28]} f6 {[%emt 0:02:58]} 19. Re2 {[%emt 0:07:55]} Bf7 {[%emt 0:04:56]} 20. Rde1 {[%emt 0:01:38]} Rxe2 {[%emt 0:01:22]} 21. Rxe2 {[%emt 0:00:18]} Rd8 {[%emt 0:00:09]} 22. Bc3 {[%emt 0:02:25]} Bf4 {[%emt 0:15:29]} 23. Qe1 {[%emt 0:01:35]} Rd7 {[%emt 0:01:04]} 24. b3 {[%emt 0:03:21]} Qd6 {[%emt 0:05:02]} 25. a4 {[%emt 0:06:17]} b6 {[%emt 0:10:21]} 26. Qa1 {[%emt 0:10:03]} Kg7 {[%emt 0:04:50]} 27. Re1 {[%emt 0:01:01]} c5 {[%emt 0:04:27]} 28. d5 {[%emt 0:01:07]} Re7 {[%emt 0:00:33]} 29. Rxe7 {[%emt 0:00:41]} Qxe7 {[%emt 0:00:02]} 30. Qe1 {[%emt 0:00:17]} Qd6 {[%emt 0:02:42]} 31. Qe2 {[%emt 0:03:06]} Bh2+ {[%emt 0:00:45]} 32. Kh1 {[%emt 0:00:13]} Be5 {[%emt 0:00:46]} 33. Bd2 {[%emt 0:00:40]} a5 {[%emt 0:12:49]} 1/2-1/2

[Event "Bamberg-Open 2019"]
[Site "Bamberg"]
[Date "2019.06.01"]
[Round "5.7"]
[White "Pribyl, Josef"]
[Black "Becker, Tobias"]
[Result "1/2-1/2"]
[WhiteElo "2239"]
[BlackElo "2019"]
[Annotator "ChessBase"]
[PlyCount "30"]
[EventDate "2019.05.12"]
[EventType "swiss"]
[EventCountry "GER"]
[SourceTitle "playchess.com"]
[Source "ChessBase"]
[SourceQuality "1"]
[TimeControl "40/5400+30:900+30"]

1. d4 {[%emt 0:00:00]} Nf6 {[%emt 0:00:00]} 2. Nf3 {[%emt 0:00:00]} e6 {[%emt 0:00:00]} 3. g3 {[%emt 0:00:00]} d5 {[%emt 0:00:00]} 4. Bg2 {[%emt 0:00:28]} Be7 {[%emt 0:00:08]} 5. c4 {[%emt 0:00:13]} O-O {[%emt 0:00:21]} 6. Qc2 {[%emt 0:01:36]} dxc4 {[%emt 0:01:23]} 7. Qxc4 {[%emt 0:00:02]} a6 {[%emt 0:05:00]} 8. O-O {[%emt 0:01:50]} b5 {[%emt 0:01:15]} 9. Qc2 {[%emt 0:00:07]} Bb7 {[%emt 0:00:14]} 10. Bf4 {[%emt 0:00:46]} Nc6 {[%emt 0:00:30]} 11. Rd1 {[%emt 0:00:57]} Nb4 {[%emt 0:00:43]} 12. Qc1 {[%emt 0:00:39]} Nbd5 {[%emt 0:00:52]} 13. Bd2 {[%emt 0:02:19]} c5 {[%emt 0:12:33]} 14. dxc5 {[%emt 0:03:08]} Ne4 {[%emt 0:01:29]} 15. Nc3 {[%emt 0:04:23]} Nxc5 {[%emt 0:32:19]} 1/2-1/2

[Event "Bamberg-Open 2019"]
[Site "Bamberg"]
[Date "2019.06.01"]
[Round "5.8"]
[White "Mooser, Stefan"]
[Black "Birkner, Frank"]
[Result "1-0"]
[WhiteElo "2215"]
[BlackElo "1784"]
[Annotator "ChessBase"]
[PlyCount "79"]
[EventDate "2019.05.12"]
[EventType "swiss"]
[EventCountry "GER"]
[SourceTitle "playchess.com"]
[Source "ChessBase"]
[SourceQuality "1"]
[TimeControl "40/5400+30:900+30"]

1. d4 {[%emt 0:08:43]} e6 {[%emt 0:01:33]} 2. c4 {[%emt 0:00:12]} f5 {[%emt 0:00:07]} 3. Nf3 {[%emt 0:00:25]} Nf6 {[%emt 0:00:25]} 4. g3 {[%emt 0:00:06]} d5 {[%emt 0:00:19]} 5. Bg2 {[%emt 0:00:06]} c6 {[%emt 0:00:05]} 6. O-O {[%emt 0:00:06]} Bd6 {[%emt 0:00:19]} 7. b3 {[%emt 0:00:16]} Qe7 {[%emt 0:00:21]} 8. Bb2 {[%emt 0:00:39]} O-O {[%emt 0:01:02]} 9. Nbd2 {[%emt 0:00:09]} Nbd7 {[%emt 0:03:11]} 10. Ne5 {[%emt 0:01:10]} Ne4 {[%emt 0:15:04]} 11. Ndf3 {[%emt 0:00:06]} Ndf6 {[%emt 0:06:24]} 12. Nd3 {[%emt 0:00:37]} Bd7 {[%emt 0:01:51]} 13. Nfe5 {[%emt 0:00:16]} Be8 {[%emt 0:02:00]} 14. f3 {[%emt 0:00:15]} Ng5 {[%emt 0:00:27]} 15. Qd2 {[%emt 0:00:06]} Nf7 {[%emt 0:01:07]} 16. Rae1 {[%emt 0:03:33]} Rd8 {[%emt 0:01:13]} 17. Qc2 {[%emt 0:12:03]} Ng5 {[%emt 0:07:42]} 18. Bc1 {[%emt 0:09:49]} Nd7 {[%emt 0:01:53]} 19. Bf4 {[%emt 0:08:48]} Nxe5 {[%emt 0:04:27]} 20. Bxe5 {[%emt 0:05:11]} Bg6 {[%emt 0:10:47]} 21. cxd5 {[%emt 0:06:40]} cxd5 {[%emt 0:05:59]} 22. Bxd6 {[%emt 0:06:52]} Qxd6 {[%emt 0:00:31]} 23. Qd2 {[%emt 0:04:47]} Nf7 {[%emt 0:03:27]} 24. Rc1 {[%emt 0:00:43]} b6 {[%emt 0:08:40]} 25. Rc3 {[%emt 0:06:17]} Rc8 {[%emt 0:03:55]} 26. Rfc1 {[%emt 0:00:13]} Rxc3 {[%emt 0:01:29]} 27. Rxc3 {[%emt 0:01:50]} Rd8 {[%emt 0:05:24]} 28. f4 {[%emt 0:05:48]} Nh6 {[%emt 0:01:14]} 29. Qc1 {[%emt 0:03:09]} Be8 {[%emt 0:03:17]} 30. Bf3 {[%emt 0:02:45]} Nf7 {[%emt 0:00:52]} 31. Rc7 {[%emt 0:00:37]} a5 {[%emt 0:02:48]} 32. Rb7 {[%emt 0:03:19]} Bb5 {[%emt 0:00:29]} 33. Ne5 {[%emt 0:02:03]} Nxe5 34. fxe5 Qb4 {[%emt 0:05:03]} 35. Qc7 {[%emt 0:00:44]} Qxd4+ {[%emt 0:00:22]} 36. Kg2 {[%emt 0:00:01]} Rd7 {[%emt 0:00:06]} 37. Qc8+ {[%emt 0:00:07]} Kf7 {[%emt 0:00:37]} 38. Rxd7+ {[%emt 0:00:03]} Bxd7 {[%emt 0:00:01]} 39. Qxd7+ {[%emt 0:00:13]} Kf8 {[%emt 0:00:02]} 40. Qxe6 {[%emt 0:00:20]} 1-0

[Event "Bamberg-Open 2019"]
[Site "Bamberg"]
[Date "2019.06.01"]
[Round "5.9"]
[White "Gegenfurtner, Juergen"]
[Black "Wehner, Janis"]
[Result "1-0"]
[WhiteElo "2323"]
[BlackElo "2128"]
[Annotator "ChessBase"]
[PlyCount "89"]
[EventDate "2019.05.12"]
[EventType "swiss"]
[EventCountry "GER"]
[SourceTitle "playchess.com"]
[Source "ChessBase"]
[SourceQuality "1"]
[TimeControl "40/5400+30:900+30"]

1. e4 {[%emt 0:00:00]} c5 {[%emt 0:00:00]} 2. Nf3 {[%emt 0:00:00]} Nc6 {[%emt 0:00:00]} 3. d4 {[%emt 0:00:00]} cxd4 {[%emt 0:00:00]} 4. Nxd4 {[%emt 0:00:00]} Nf6 {[%emt 0:00:00]} 5. Nc3 {[%emt 0:00:00]} e5 {[%emt 0:00:00]} 6. Ndb5 {[%emt 0:00:05]} d6 {[%emt 0:00:00]} 7. Nd5 {[%emt 0:01:18]} Nxd5 {[%emt 0:00:00]} 8. exd5 {[%emt 0:00:04]} Ne7 {[%emt 0:00:01]} 9. c4 {[%emt 0:01:07]} Ng6 {[%emt 0:00:05]} 10. Be2 {[%emt 0:14:56]} Be7 {[%emt 0:00:21]} 11. O-O {[%emt 0:00:12]} O-O {[%emt 0:00:04]} 12. Be3 {[%emt 0:04:15]} a6 {[%emt 0:03:30]} 13. Nc3 {[%emt 0:00:06]} f5 {[%emt 0:00:26]} 14. f3 {[%emt 0:01:35]} Bg5 {[%emt 0:01:28]} 15. Qd2 {[%emt 0:04:57]} Bf4 {[%emt 0:05:26]} 16. Rfe1 {[%emt 0:16:00]} Qg5 {[%emt 0:06:55]} 17. Bf1 {[%emt 0:00:38]} Bxe3+ {[%emt 0:03:20]} 18. Qxe3 {[%emt 0:00:37]} Qxe3+ {[%emt 0:00:30]} 19. Rxe3 {[%emt 0:00:05]} Bd7 {[%emt 0:00:25]} 20. Ree1 {[%emt 0:05:04]} Rfc8 {[%emt 0:04:51]} 21. Rec1 {[%emt 0:05:16]} Rc7 {[%emt 0:03:02]} 22. Kf2 {[%emt 0:01:42]} Ne7 {[%emt 0:04:06]} 23. Ke1 {[%emt 0:02:42]} Nc8 {[%emt 0:03:30]} 24. Kd2 {[%emt 0:03:25]} Nb6 {[%emt 0:02:19]} 25. b3 {[%emt 0:01:59]} Be8 {[%emt 0:01:12]} 26. Bd3 {[%emt 0:00:22]} g6 {[%emt 0:00:18]} 27. g3 {[%emt 0:00:23]} Nd7 {[%emt 0:01:28]} 28. f4 {[%emt 0:04:37]} Bf7 {[%emt 0:06:47]} 29. Re1 {[%emt 0:01:16]} Kg7 {[%emt 0:02:53]} 30. Rac1 {[%emt 0:00:16]} Kf6 {[%emt 0:00:27]} 31. Re3 {[%emt 0:03:34]} Rac8 {[%emt 0:04:40]} 32. Bf1 {[%emt 0:01:01]} Rc5 {[%emt 0:05:21]} 33. a4 {[%emt 0:03:23]} R5c7 {[%emt 0:00:37]} 34. a5 {[%emt 0:00:36]} h6 {[%emt 0:08:32]} 35. Bd3 {[%emt 0:03:06]} Nc5 {[%emt 0:03:08]} 36. Bc2 {[%emt 0:00:51]} Nd7 {[%emt 0:07:18]} 37. Rf1 {[%emt 0:00:18]} exf4 {[%emt 0:04:24]} 38. gxf4 {[%emt 0:00:35]} Re8 {[%emt 0:00:39]} 39. Rxe8 {[%emt 0:04:08]} Bxe8 {[%emt 0:00:01]} 40. Ke3 {[%emt 0:00:32]} Nf8 {[%emt 0:10:01]} 41. Kd4 {[%emt 0:15:25]} Bd7 {[%emt 0:15:05]} 42. b4 {[%emt 0:00:38]} g5 {[%emt 0:00:04]} 43. fxg5+ {[%emt 0:06:14]} hxg5 {[%emt 0:00:02]} 44. Ne4+ {[%emt 0:00:25]} Ke7 {[%emt 0:01:28]} 45. Nxd6 {[%emt 0:01:54]} 1-0